Catalog

Record Details

Catalog Search



Available copies

  • 3 of 3 copies available at LARL/NWRL Consortium.
  • 3 of 3 copies available at Northwest Regional Library. (Show preferred library)

Current holds

0 current holds with 3 total copies.

Show All Copies
Location Call Number / Copy Notes Barcode Shelving Location Status Due Date
Greenbush Public Library WIS (Text) 35500004618136 Main Available -
Roseau Public Library WIS (Text) 35500004536353 Main Available -
Thief River Falls Public Library WIS (Text) 35500004505077 Main Available -

Record details

  • ISBN: 9780764204784 (pbk.)
  • ISBN: 0764204785 (pbk.)
  • Physical Description: 313 p. ; 22 cm.
  • Publisher: Minneapolis, Minn. : Bethany House, 2009.
Subject: North Carolina > Fiction.
Genre: Christian fiction.
LDR 01486cam a22003498a 4500
001103336
003LARL_NWRL_CONSORTIUM
00520090420151022.0
008090210s2009 mnu 000 1 eng
010 . ‡a2009004739
020 . ‡a9780764204784 (pbk.)
020 . ‡a0764204785 (pbk.)
035 . ‡a(OCoLC)263987444
040 . ‡aDLC ‡cDLC ‡dBTCTA ‡dWIQ
043 . ‡an-us-nc
08200. ‡a813/.6 ‡222
1001 . ‡aWisler, Alice J. ‡0(LARL_NWRL_CONSORTIUM)218800
24510. ‡aHow sweet it is / ‡cAlice J. Wisler.
260 . ‡aMinneapolis, Minn. : ‡bBethany House, ‡c2009.
300 . ‡a313 p. ; ‡c22 cm.
651 0. ‡aNorth Carolina ‡vFiction. ‡0(LARL_NWRL_CONSORTIUM)166409
655 7. ‡aChristian fiction. ‡2gsafd
901 . ‡a103336 ‡bOCLC ‡c103336 ‡tbiblio

Additional Resources